[Event "GBR-ch"]
[Site "Scarborough"]
[Date "2001.08.02"]
[Round "4"]
[White "Stephenson, Norman"]
[Black "Frost, Nicholas"]
[Result "1-0"]
[WhiteElo "2246"]
[BlackElo "2141"]
[PlyCount "81"]
[EventDate "2001.07.30"]

1. e4 e6 2. d3 c5 3. Nf3 Nc6 4. g3 Nge7 5. Bg2 d6 6. O-O g6 7. d4 cxd4 8. Nxd4
a6 9. Be3 Bg7 10. Nc3 O-O 11. Qd2 Ne5 12. Qe2 Qc7 13. Rad1 Rb8 14. a4 Bd7 15.
Bg5 Nc8 16. Kh1 Nc4 17. Bc1 N8b6 18. b3 Na5 19. Nb1 Nc8 20. Na3 e5 21. Nf3 b5
22. axb5 axb5 23. b4 Nc4 24. Nxc4 bxc4 25. c3 Ba4 26. Rde1 Na7 27. Be3 Nb5 28.
Qb2 Kh8 29. Ra1 Ra8 30. Nd2 Ra6 31. Rfc1 Qc6 32. Ra2 Nc7 33. Rca1 Rfa8 34. Kg1
f5 35. exf5 d5 36. fxg6 hxg6 37. Nf3 Ne6 38. Nh4 g5 39. Ng6+ Kh7 40. Ne7 Qb7
41. Bxd5 1-0

[Event "GBR-ch"]
[Site "Scarborough"]
[Date "2001.08.02"]
[Round "4"]
[White "Willmoth, Robert"]
[Black "Buckley, Melanie"]
[Result "1/2-1/2"]
[WhiteElo "2239"]
[BlackElo "2118"]
[PlyCount "133"]
[EventDate "2001.07.30"]

1. b3 e5 2. Bb2 Nc6 3. g3 d5 4. Bg2 Nf6 5. d3 Bd6 6. e3 Bg4 7. f3 Be6 8. Nh3 h6
9. Nf2 Qe7 10. a3 a5 11. Nd2 Rd8 12. Qe2 Bc5 13. O-O O-O 14. Rfe1 Rfe8 15. Nf1
h5 16. h3 Bf5 17. f4 exf4 18. gxf4 Bg6 19. Bf3 h4 20. c4 Qd6 21. Bxf6 Qxf6 22.
cxd5 Ne7 23. Qc2 Bb6 24. Qc4 Qd6 25. d4 Nxd5 26. Rad1 c6 27. a4 Nf6 28. Ng4
Nxg4 29. Bxg4 Be4 30. Nd2 Qg6 31. Nxe4 Qxe4 32. Kf2 Bc7 33. Bf3 Qe6 34. Qxe6
Rxe6 35. Re2 Bb6 36. Bg4 Re7 37. Rc1 g6 38. f5 Kg7 39. fxg6 fxg6 40. Rc3 Rf8+
41. Kg2 Rfe8 42. Rd3 Rd8 43. Kf2 Rf7+ 44. Ke1 Rf6 45. Rf2 Rxf2 46. Kxf2 Kf6 47.
Rd2 c5 48. d5 Ke5 49. Bf3 Kd6 50. Be4 Rf8+ 51. Ke2 g5 52. Kd3 Bd8 53. Bg2 Rf6
54. Kc4 b6 55. Kb5 Rf8 56. e4 Rf6 57. Rd3 Rf4 58. Re3 Ke5 59. Kc6 g4 60. hxg4
Rxg4 61. Bh3 Rg6+ 62. Kd7 Bg5 63. Re1 Bd2 64. Re2 Bf4 65. Bf5 Rh6 66. Bh3 Rg6
67. Bf5 1/2-1/2

[Event "GBR-ch"]
[Site "Scarborough"]
[Date "2001.08.02"]
[Round "4"]
[White "Anderson, John"]
[Black "Jackson, Adrian"]
[Result "1/2-1/2"]
[WhiteElo "2161"]
[BlackElo "2230"]
[PlyCount "34"]
[EventDate "2001.07.30"]

1. e4 c5 2. Nf3 Nc6 3. Nc3 Nf6 4. d4 cxd4 5. Nxd4 e5 6. Ndb5 d6 7. Bg5 a6 8.
Na3 b5 9. Nd5 Be7 10. Bxf6 Bxf6 11. c3 O-O 12. Nc2 Rb8 13. Be2 Bg5 14. Qd3 Ne7
15. Nce3 Bxe3 16. Nxe7+ Qxe7 17. Qxe3 Be6 1/2-1/2

[Event "GBR-ch"]
[Site "Scarborough"]
[Date "2001.08.02"]
[Round "4"]
[White "Rumens, David"]
[Black "Rutherford, Elaine"]
[Result "0-1"]
[WhiteElo "2255"]
[BlackElo "2117"]
[PlyCount "72"]
[EventDate "2001.07.30"]

1. e4 d5 2. exd5 Nf6 3. Nc3 Nxd5 4. Bc4 c6 5. Qf3 Nf6 6. Qe2 Bf5 7. Nf3 e6 8.
d4 Bb4 9. O-O O-O 10. Bg5 Nbd7 11. Ne5 Qa5 12. Bxf6 Nxf6 13. Nd1 Bd6 14. Bb3
Qc7 15. f4 c5 16. dxc5 Qxc5+ 17. Kh1 Rac8 18. Nf2 Bxe5 19. fxe5 Nd7 20. Rae1
Qa5 21. Nd3 Bxd3 22. cxd3 Nc5 23. Bc2 Qb4 24. d4 Qxd4 25. Rd1 Qh4 26. g3 Qh6
27. b4 Na6 28. Rf4 g6 29. a3 Nc7 30. Be4 Nb5 31. Rd7 Nc3 32. Qd3 Nxe4 33. Qxe4
Qh3 34. Qe1 Rc2 35. Rf2 Rfc8 36. Rdxf7 Rc1 0-1

[Event "GBR-ch"]
[Site "Scarborough"]
[Date "2001.08.02"]
[Round "4"]
[White "Steadman, Michael"]
[Black "Trent, Lawrence"]
[Result "1/2-1/2"]
[WhiteElo "2090"]
[BlackElo "2249"]
[PlyCount "82"]
[EventDate "2001.07.30"]

1. e4 c5 2. Nc3 Nc6 3. g3 g6 4. Bg2 Bg7 5. d3 d6 6. Be3 Rb8 7. Qd2 b5 8. Nf3
Nd4 9. Nh4 Nf6 10. h3 e5 11. O-O b4 12. Nd1 O-O 13. c3 bxc3 14. bxc3 Nc6 15.
Bg5 Qa5 16. Ne3 h6 17. Nc4 Qd8 18. Bxh6 Ba6 19. Bg5 Bxc4 20. dxc4 Na5 21. Qd3
Qd7 22. Rfd1 Rb6 23. Bf1 Rfb8 24. Nf3 Qa4 25. Ne1 Ne8 26. Bd2 Rb2 27. Rdb1 Rxb1
28. Rxb1 Rxb1 29. Qxb1 Nxc4 30. Bxc4 Qxc4 31. f3 Kh7 32. Kf2 Nc7 33. Qb3 Qxb3
34. axb3 Nb5 35. Ke2 Bh6 36. Bxh6 Kxh6 37. Kd3 Kg5 38. Kc4 Nc7 39. Nd3 Kf6 40.
f4 exf4 41. gxf4 Ne6 1/2-1/2

[Event "GBR-ch"]
[Site "Scarborough"]
[Date "2001.08.02"]
[Round "4"]
[White "Waters, Clive L"]
[Black "Lyell, Mark"]
[Result "0-1"]
[WhiteElo "2147"]
[BlackElo "2219"]
[PlyCount "56"]
[EventDate "2001.07.30"]

1. Nf3 f5 2. d4 g6 3. g3 Bg7 4. Bg2 Nf6 5. O-O O-O 6. c4 d6 7. Nc3 Qe8 8. d5 a5
9. Rb1 Na6 10. a3 Bd7 11. b4 axb4 12. axb4 c5 13. b5 Nb4 14. Ng5 Ra5 15. Bd2
Qa8 16. Ne6 Bxe6 17. dxe6 Qa7 18. e4 fxe4 19. g4 Ra3 20. g5 Nh5 21. Ne2 Nd3 22.
Bxe4 Nhf4 23. Nxf4 Nxf4 24. Qg4 Be5 25. Be3 b6 26. Qh4 Qa4 27. Bc1 Qxc4 28. f3
Bd4+ 0-1

[Event "GBR-ch"]
[Site "Scarborough"]
[Date "2001.08.02"]
[Round "4"]
[White "Lappage, Jonathan"]
[Black "McDonnell, James J"]
[Result "1-0"]
[WhiteElo "2208"]
[BlackElo "2047"]
[PlyCount "133"]
[EventDate "2001.07.30"]

1. e4 c5 2. Nc3 Nc6 3. f4 g6 4. Nf3 Bg7 5. Bb5 Nd4 6. O-O Nxb5 7. Nxb5 d6 8. a4
Nf6 9. d3 O-O 10. Qe1 Bd7 11. Nc3 e6 12. Qh4 Bc6 13. f5 exf5 14. exf5 Nh5 15.
Qf2 gxf5 16. Ne2 Bf6 17. Bh6 Re8 18. Ng3 Nxg3 19. Qxg3+ Kh8 20. Qh3 Rg8 21.
Qxf5 Bd4+ 22. Kh1 Qf6 23. Qh3 Qg6 24. c3 Bd7 25. Nh4 Qxh6 26. Qxd7 Be5 27. Nf3
Qg6 28. Rf2 f6 29. Qxb7 Qxd3 30. Nxe5 fxe5 31. Qe7 Qg6 32. Rg1 Rge8 33. Qh4 Rf8
34. Rd2 Rad8 35. Qe7 Qg7 36. Qe6 Qf6 37. Qd5 Qf7 38. Qc6 Qd7 39. Qa6 Qc7 40.
Rgd1 Rf6 41. Kg1 Kg7 42. Rd5 Rb8 43. Qe2 Qe7 44. R1d2 Rb6 45. a5 Rc6 46. Qg4+
Kh8 47. g3 Rg6 48. Qa4 Qb7 49. Kg2 Kg7 50. Kg1 Kh8 51. Qh4 Qc7 52. Qa4 Qb7 53.
Qe4 Qe7 54. Qc4 Qb7 55. Rf2 Kg7 56. Rd3 Rc7 57. Rdf3 d5 58. Qh4 Re7 59. Rf6 e4
60. Rxg6+ hxg6 61. Qf6+ Kh7 62. Rf4 Rg7 63. Rh4+ Kg8 64. Qd8+ Kf7 65. Rf4+ Ke6
66. Rf6+ Ke5 67. Qd6# 1-0

[Event "GBR-ch"]
[Site "Scarborough"]
[Date "2001.08.03"]
[Round "5"]
[White "Wells, Peter"]
[Black "Ward, Chris G"]
[Result "1/2-1/2"]
[WhiteElo "2510"]
[BlackElo "2493"]
[PlyCount "60"]
[EventDate "2001.07.30"]

1. Nf3 c5 2. c4 g6 3. d4 cxd4 4. Nxd4 Bg7 5. e4 Nc6 6. Be3 Nf6 7. Nc3 d6 8. Be2
O-O 9. O-O Bd7 10. Qd2 Nxd4 11. Bxd4 Bc6 12. f3 a5 13. b3 Nd7 14. Bf2 Nc5 15.
Rab1 Qc7 16. Bd1 Rfb8 17. Bc2 b5 18. cxb5 Bxb5 19. Nd5 Qb7 20. Rfe1 Bc6 21. a3
Bxd5 22. exd5 Bf6 23. h4 Rc8 24. Re3 Nd7 25. f4 Rc7 26. h5 Rac8 27. Be4 Nc5 28.
Bc2 Nd7 29. Be4 Nc5 30. Bc2 Nd7 1/2-1/2

[Event "GBR-ch"]
[Site "Scarborough"]
[Date "2001.08.03"]
[Round "5"]
[White "Gallagher, Joseph G"]
[Black "Hodgson, Julian M"]
[Result "1/2-1/2"]
[WhiteElo "2516"]
[BlackElo "2581"]
[PlyCount "29"]
[EventDate "2001.07.30"]

1. e4 d5 2. exd5 Qxd5 3. Nc3 Qa5 4. d4 Nf6 5. Nf3 c6 6. Ne5 Be6 7. Bc4 Bxc4 8.
Nxc4 Qa6 9. b3 e6 10. O-O Bb4 11. Qf3 O-O 12. a3 Be7 13. Bg5 Nbd7 14. a4 Rad8
15. Rad1 1/2-1/2

[Event "GBR-ch"]
[Site "Scarborough"]
[Date "2001.08.03"]
[Round "5"]
[White "Rowson, Jonathan"]
[Black "Miles, Tony"]
[Result "1/2-1/2"]
[WhiteElo "2514"]
[BlackElo "2565"]
[PlyCount "93"]
[EventDate "2001.07.30"]

1. e4 e5 2. Nf3 Nc6 3. Bb5 Nf6 4. O-O Nxe4 5. d4 Nd6 6. Bxc6 dxc6 7. dxe5 Nf5
8. Qxd8+ Kxd8 9. Nc3 Bd7 10. Rd1 Kc8 11. Ng5 Be8 12. b3 b6 13. Bb2 Kb7 14. Rd3
Be7 15. Nge4 Rd8 16. Rad1 Kc8 17. h3 h5 18. Bc1 Rxd3 19. Rxd3 h4 20. Bg5 Rh5
21. Rf3 Nd4 22. Bxe7 Nxf3+ 23. gxf3 Rxe5 24. Ba3 f5 25. Ng5 Re1+ 26. Kg2 c5 27.
f4 b5 28. Bxc5 Bc6+ 29. f3 Rc1 30. Bb4 Rxc2+ 31. Kg1 Bd7 32. Nd5 Rxa2 33. Bf8
a5 34. Bxg7 Rd2 35. Ne7+ Kb7 36. Ng6 c5 37. Kf1 a4 38. bxa4 bxa4 39. Ke1 Rh2
40. Bf8 c4 41. Kd1 Bb5 42. Bb4 Rb2 43. Bc3 Rb3 44. Kc2 Ra3 45. Kb2 Rb3+ 46. Kc2
Ra3 47. Kb2 1/2-1/2

[Event "GBR-ch"]
[Site "Scarborough"]
[Date "2001.08.03"]
[Round "5"]
[White "Emms, John M"]
[Black "Walker, Martin G"]
[Result "1-0"]
[WhiteElo "2532"]
[BlackElo "2109"]
[PlyCount "198"]
[EventDate "2001.07.30"]

1. e4 e5 2. Nf3 Nc6 3. Bb5 a6 4. Ba4 Nf6 5. O-O b5 6. Bb3 Be7 7. Re1 O-O 8. d3
Bb7 9. Nc3 d6 10. a3 Na5 11. Ba2 c5 12. b4 cxb4 13. axb4 Nc6 14. Nd5 Nxd5 15.
Bxd5 Qc7 16. c3 Bf6 17. Be3 Ne7 18. Bxb7 Qxb7 19. Qb3 Rfc8 20. Ra3 d5 21. Bc5
dxe4 22. dxe4 Ng6 23. g3 Be7 24. Bxe7 Qxe7 25. Rd1 Qf6 26. Kg2 Rc4 27. Rd3 h6
28. Nd2 Rcc8 29. Rf3 Qe7 30. Qa2 Rd8 31. Nf1 Qb7 32. Qe2 Qd7 33. Ne3 Qe6 34.
Nd5 Rdc8 35. Rd3 Kh7 36. Qf3 Rc6 37. h4 f6 38. Ra1 Rf8 39. Rad1 Rf7 40. Ne3 Ne7
41. R1d2 f5 42. exf5 Nxf5 43. Qe4 Qg6 44. h5 Nxe3+ 45. Rxe3 Qxe4+ 46. Rxe4 Rfc7
47. Rxe5 Rxc3 48. Rf5 R3c4 49. Rd6 R4c6 50. Rxc6 Rxc6 51. Kf3 Rc3+ 52. Kg4 Rb3
53. Rf4 Rb2 54. f3 Rb3 55. Kf5 Re3 56. Kg4 Rb3 57. Rd4 Kg8 58. Rf4 Kh7 59. Kh3
Kg8 60. g4 Kh7 61. Kg2 Rb2+ 62. Kg3 Kg8 63. Rd4 Kf7 64. Rd7+ Kf6 65. Rd6+ Ke7
66. Rg6 Kf7 67. Rxa6 Rxb4 68. Rb6 Ke7 69. Kf2 Rb3 70. Ke2 Kf7 71. Kf2 Ke7 72.
Kg2 Rb2+ 73. Kg3 Rb4 74. f4 Rb3+ 75. Kg2 Kf7 76. g5 hxg5 77. fxg5 Rb2+ 78. Kg3
Rb1 79. Rb7+ Kf8 80. Kg4 b4 81. Kf5 b3 82. Kg6 b2 83. Rf7+ Ke8 84. Rf2 Ke7 85.
Rg2 Kf8 86. Re2 Ra1 87. Rxb2 Ra6+ 88. Kh7 Ra5 89. Rf2+ Ke7 90. g6 Rxh5+ 91.
Kxg7 Rh4 92. Re2+ Kd7 93. Kg8 Kd8 94. g7 Kd7 95. Kf7 Rf4+ 96. Kg6 Rg4+ 97. Kf6
Rf4+ 98. Kg5 Rf1 99. Re4 Rf8 1-0

[Event "GBR-ch"]
[Site "Scarborough"]
[Date "2001.08.03"]
[Round "5"]
[White "Lalic, Bogdan"]
[Black "Pert, Nicholas"]
[Result "1-0"]
[WhiteElo "2528"]
[BlackElo "2475"]
[PlyCount "113"]
[EventDate "2001.07.30"]

1. e4 e6 2. d4 d5 3. Nc3 Bb4 4. e5 c5 5. a3 Bxc3+ 6. bxc3 Qa5 7. Bd2 Qa4 8. Nf3
b6 9. c4 dxc4 10. dxc5 bxc5 11. Bg5 Nd7 12. Nd2 Nxe5 13. Nxc4 f6 14. Nxe5 Qe4+
15. Qe2 Qxe5 16. Qxe5 fxe5 17. O-O-O Bd7 18. Re1 Nf6 19. Rxe5 Ng4 20. Re2 O-O
21. f3 Rf5 22. Be7 Nf6 23. Rd2 Bc6 24. Rd6 Bd5 25. c4 Bb7 26. Rxe6 Kf7 27. Re2
Nd7 28. Bd6 Re8 29. Rxe8 Kxe8 30. Bd3 Rh5 31. Re1+ Kd8 32. Bf4 Nf6 33. Kd2 Bc8
34. g4 Rh3 35. Bg3 Bb7 36. Re3 g5 37. Ke1 Nd7 38. Re6 Bxf3 39. Bf1 Bxg4 40.
Bxh3 Bxh3 41. Ra6 Nb6 42. Rxa7 Nxc4 43. a4 Bd7 44. a5 h5 45. a6 h4 46. Ra8+ Ke7
47. Bf2 Ne5 48. a7 Nf3+ 49. Ke2 Bb5+ 50. Ke3 Nxh2 51. Rc8 Nf1+ 52. Ke4 Nd2+ 53.
Kf5 Bd7+ 54. Kxg5 Ne4+ 55. Kxh4 Bxc8 56. a8=Q Bf5 57. Qd5 1-0

[Event "GBR-ch"]
[Site "Scarborough"]
[Date "2001.08.03"]
[Round "5"]
[White "Hebden, Mark"]
[Black "Williams, Simon K"]
[Result "1-0"]
[WhiteElo "2550"]
[BlackElo "2369"]
[PlyCount "47"]
[EventDate "2001.07.30"]

1. d4 e6 2. Nf3 f5 3. g3 Nf6 4. Bg2 d5 5. O-O Bd6 6. c4 c6 7. Bf4 Bxf4 8. gxf4
O-O 9. Ne5 Nbd7 10. Nc3 Qe7 11. Rc1 Ne4 12. e3 Kh8 13. Ne2 Rg8 14. f3 Nd6 15.
b3 Nf6 16. Qe1 Nd7 17. c5 Nf7 18. Qh4 g5 19. Nxf7+ Qxf7 20. fxg5 e5 21. dxe5
Nxe5 22. Qd4 Qg7 23. Nf4 Bd7 24. Nh5 1-0

[Event "GBR-ch"]
[Site "Scarborough"]
[Date "2001.08.03"]
[Round "5"]
[White "Turner, Matthew J"]
[Black "Ledger, Dave J"]
[Result "1-0"]
[WhiteElo "2511"]
[BlackElo "2312"]
[PlyCount "93"]
[EventDate "2001.07.30"]

1. e4 e5 2. Nf3 Nc6 3. Bb5 Nf6 4. O-O Bc5 5. c3 O-O 6. d4 Bb6 7. Bg5 d6 8. a4
a5 9. Re1 h6 10. Bh4 Bg4 11. Bxc6 bxc6 12. dxe5 dxe5 13. Qxd8 Raxd8 14. Nxe5 g5
15. Bg3 Nxe4 16. Nxg4 f5 17. Na3 Nxg3 18. Nxh6+ Kg7 19. hxg3 Rd2 20. Re6 Rxf2
21. Kh2 Rh8 22. Nc4 Rxh6+ 23. Rxh6 Kxh6 24. Re1 Rc2 25. Re6+ Kh5 26. Rxc6 Bf2
27. Rf6 f4 28. gxf4 Kh4 29. fxg5 Bg3+ 30. Kg1 Kxg5 31. Rf3 Rc1+ 32. Rf1 Rc2 33.
Rb1 Bf2+ 34. Kh2 Re2 35. Rf1 Kh4 36. Rd1 Rc2 37. Rd3 Re2 38. Rf3 Bc5 39. Rf4+
Kg5 40. Rf7 Re4 41. b3 Kg4 42. Rxc7 Be7 43. Rc8 Bf6 44. Rg8+ Kh5 45. Rg3 Bd8
46. Re3 Bc7+ 47. g3 1-0

[Event "GBR-ch"]
[Site "Scarborough"]
[Date "2001.08.03"]
[Round "5"]
[White "Zhao, Zong-Yuan"]
[Black "Summerscale, Aaron"]
[Result "1/2-1/2"]
[WhiteElo "2359"]
[BlackElo "2510"]
[PlyCount "42"]
[EventDate "2001.07.30"]

1. e4 e6 2. d4 d5 3. Nc3 Nf6 4. e5 Nfd7 5. Nce2 c5 6. c3 Nc6 7. f4 b5 8. a3 a5
9. Nf3 Ba6 10. Ng3 g6 11. h4 h5 12. Ng5 cxd4 13. cxd4 Qb6 14. Be3 Be7 15. b3 b4
16. Bxa6 Rxa6 17. a4 Bxg5 18. hxg5 Ne7 19. Qd3 Ra8 20. Ne2 O-O 21. Kd2 Kg7
1/2-1/2

[Event "GBR-ch"]
[Site "Scarborough"]
[Date "2001.08.03"]
[Round "5"]
[White "Pert, Richard"]
[Black "Kelly, Brian"]
[Result "1/2-1/2"]
[WhiteElo "2245"]
[BlackElo "2458"]
[PlyCount "29"]
[EventDate "2001.07.30"]

1. d4 d5 2. c4 e6 3. Nf3 Nf6 4. e3 c5 5. cxd5 Nxd5 6. Nc3 Nc6 7. Bb5 Be7 8. Ne5
Bd7 9. Nxd5 Nxe5 10. Bxd7+ Nxd7 11. Nxe7 Qxe7 12. O-O O-O 13. b3 Rfd8 14. Ba3
Qf6 15. Bb2 1/2-1/2

[Event "GBR-ch"]
[Site "Scarborough"]
[Date "2001.08.03"]
[Round "5"]
[White "Crouch, Colin"]
[Black "Hanley, Craig"]
[Result "1/2-1/2"]
[WhiteElo "2407"]
[BlackElo "2278"]
[PlyCount "96"]
[EventDate "2001.07.30"]

1. d4 d5 2. c4 c6 3. Nc3 Nf6 4. Nf3 dxc4 5. a4 Bf5 6. e3 e6 7. Bxc4 Bb4 8. O-O
O-O 9. Qe2 Bg6 10. Ne5 Nbd7 11. Nxg6 hxg6 12. Rd1 Qa5 13. Bd2 e5 14. d5 Rad8
15. dxc6 bxc6 16. Be1 e4 17. Qc2 Ne5 18. Be2 Rxd1 19. Rxd1 Rd8 20. h3 c5 21.
Kf1 Rxd1 22. Qxd1 c4 23. Qd4 Nd3 24. Qxc4 Nxb2 25. Qb5 Bxc3 26. Qxa5 Bxa5 27.
Bxa5 Nxa4 28. Bb5 Nb6 29. Bc6 Nbd5 30. Ke2 Kf8 31. g4 g5 32. Bd8 Ne7 33. Ba4 g6
34. Kd2 Nfd5 35. Bb3 f6 36. Ke2 Ke8 37. Ba5 Kd7 38. Bc2 f5 39. f3 exf3+ 40.
Kxf3 Nc6 41. Ba4 Nf6 42. Bc3 Ne4 43. Bg7 Kd6 44. Bf8+ Kd7 45. Bg7 a5 46. Bc2
Nd2+ 47. Ke2 Ne4 48. Kf3 Nd2+ 1/2-1/2

[Event "GBR-ch"]
[Site "Scarborough"]
[Date "2001.08.03"]
[Round "5"]
[White "Broomfield, Matthew"]
[Black "Ansell, Simon"]
[Result "0-1"]
[WhiteElo "2271"]
[BlackElo "2376"]
[PlyCount "66"]
[EventDate "2001.07.30"]

1. d4 d5 2. Nf3 c6 3. c4 Nf6 4. e3 Bf5 5. cxd5 cxd5 6. Qb3 Qc7 7. Bb5+ Nc6 8.
Bd2 e6 9. Bb4 Bd6 10. O-O O-O 11. Bxd6 Qxd6 12. Bxc6 bxc6 13. Nbd2 Nd7 14. Rfc1
Rfc8 15. Qc3 c5 16. Ne5 Nxe5 17. dxe5 Qb6 18. e4 Bxe4 19. Nxe4 dxe4 20. Rab1
Rab8 21. a3 Qb3 22. Qc4 e3 23. Rc3 Qxc4 24. Rxc4 exf2+ 25. Kxf2 g6 26. Ke3 h5
27. g4 hxg4 28. Kf4 Rb3 29. Kxg4 Rd8 30. Kg5 Kg7 31. Rc3 Rxc3 32. bxc3 Rd3 33.
Rc1 Rd2 0-1

[Event "GBR-ch"]
[Site "Scarborough"]
[Date "2001.08.03"]
[Round "5"]
[White "Knott, Simon JB"]
[Black "D'Costa, Lorin"]
[Result "1/2-1/2"]
[WhiteElo "2373"]
[BlackElo "2155"]
[PlyCount "102"]
[EventDate "2001.07.30"]

1. c4 c5 2. g3 g6 3. Bg2 Bg7 4. Nc3 Nc6 5. d3 e6 6. e4 Nge7 7. Nge2 O-O 8. O-O
d6 9. Rb1 b6 10. Be3 Bb7 11. d4 Rc8 12. d5 Ne5 13. b3 exd5 14. cxd5 a6 15. a4
Rb8 16. h3 b5 17. axb5 Qa5 18. Ra1 Qb6 19. f4 Nd7 20. b4 axb5 21. e5 Nf5 22.
Bf2 Qd8 23. Ne4 cxb4 24. g4 Nh4 25. Bxh4 Qxh4 26. Nxd6 Ba8 27. Rb1 Qe7 28. Ne4
f6 29. d6 Qf7 30. Nd4 fxe5 31. fxe5 Qc4 32. Rxf8+ Rxf8 33. Rc1 Qf7 34. e6 Qf4
35. exd7 Bxd4+ 36. Qxd4 Qxc1+ 37. Kh2 Qf4+ 38. Kg1 Qc1+ 39. Kh2 Qf4+ 40. Kh1
Bxe4 41. Bxe4 Qf1+ 42. Kh2 Qf2+ 43. Qxf2 Rxf2+ 44. Kg3 Rf8 45. Bd5+ Kg7 46. g5
Rd8 47. Kf4 b3 48. Bxb3 Rxd7 49. Ke5 Kf8 50. Kd5 Ke8 51. Kc5 Kd8 1/2-1/2

[Event "GBR-ch"]
[Site "Scarborough"]
[Date "2001.08.03"]
[Round "5"]
[White "Lane, Gary"]
[Black "Berry, Neil M"]
[Result "1-0"]
[WhiteElo "2456"]
[BlackElo "2256"]
[PlyCount "61"]
[EventDate "2001.07.30"]

1. e4 e6 2. d4 d5 3. Nd2 c5 4. exd5 Qxd5 5. Ngf3 cxd4 6. Bc4 Qd6 7. O-O Nf6 8.
Nb3 Nc6 9. Nbxd4 Nxd4 10. Nxd4 a6 11. Bd3 Bd7 12. Nf3 Qc7 13. Re1 Bd6 14. Qe2
Nd5 15. a3 Nf4 16. Bxf4 Bxf4 17. g3 Bd6 18. Rad1 Rd8 19. c4 h6 20. b4 O-O 21.
c5 Be7 22. Ne5 Ba4 23. Qe4 f5 24. Qc4 Rd5 25. Bc2 Bb5 26. Qc3 Rxd1 27. Bxd1 Bf6
28. Qb3 Re8 29. Bh5 Qc8 30. a4 Bc6 31. Nxc6 1-0

[Event "GBR-ch"]
[Site "Scarborough"]
[Date "2001.08.03"]
[Round "5"]
[White "Burnett, Jim"]
[Black "Arkell, Keith C"]
[Result "0-1"]
[WhiteElo "2209"]
[BlackElo "2431"]
[PlyCount "120"]
[EventDate "2001.07.30"]

1. Nf3 Nf6 2. g3 b5 3. Bg2 Bb7 4. d3 d5 5. O-O Nbd7 6. Nbd2 e5 7. e4 Bd6 8. Nh4
O-O 9. Nf5 Re8 10. exd5 Bxd5 11. Ne4 Nxe4 12. dxe4 Bc4 13. Nxd6 cxd6 14. Re1
Nc5 15. b3 Be6 16. f4 f6 17. Be3 Qc7 18. Qe2 Bd7 19. Qf2 Rac8 20. Rad1 Nb7 21.
Bxa7 Qxc2 22. Rd2 Qc3 23. Be3 Qb4 24. f5 Nd8 25. Bf3 Nf7 26. h4 Rc7 27. g4 h6
28. Kh2 Rec8 29. Qg2 Kf8 30. g5 hxg5 31. hxg5 Ke7 32. Red1 Rc3 33. gxf6+ gxf6
34. Qg7 Rh8+ 35. Kg2 Rcc8 36. Bg5 fxg5 37. Rxd6 Rc7 38. f6+ Ke8 39. Rxd7 Rxd7
40. Rxd7 Kxd7 41. Qxf7+ Kc6 42. Qd5+ Kb6 43. Be2 Qc5 44. Qe6+ Ka5 45. Qd7 Kb4
46. Qd2+ Ka3 47. Qa5+ Kb2 48. Qxb5 Qc3 49. Qd3 Qe1 50. Qd1 Qxd1 51. Bxd1 Rf8
52. Kg3 Rxf6 53. Kg4 Kxa2 54. Kxg5 Rf4 55. b4 Kb2 56. Bg4 Kc3 57. b5 Rxe4 58.
Kf5 Kd4 59. b6 Rf4+ 60. Kg5 Rf2 0-1

[Event "GBR-ch"]
[Site "Scarborough"]
[Date "2001.08.03"]
[Round "5"]
[White "Ledger, Andrew"]
[Black "Tan, Desmond"]
[Result "1-0"]
[WhiteElo "2418"]
[BlackElo "2253"]
[PlyCount "57"]
[EventDate "2001.07.30"]

1. Nf3 c5 2. g3 b6 3. Bg2 Bb7 4. O-O Nf6 5. d3 d5 6. Nbd2 e6 7. e4 dxe4 8. dxe4
Be7 9. Qe2 Nc6 10. Nc4 Qc8 11. e5 Nd7 12. Bg5 Ba6 13. Bxe7 Kxe7 14. Qe4 Bxc4
15. Qxc4 h6 16. Rad1 Qc7 17. Qf4 Rad8 18. Rd6 Nb4 19. Rfd1 Nd5 20. Qh4+ g5 21.
Nxg5 hxg5 22. Qxg5+ Kf8 23. Bxd5 exd5 24. R1xd5 Rg8 25. Qf5 Ke7 26. e6 Nf6 27.
exf7 Rxg3+ 28. hxg3 Rxd6 29. Qe5+ 1-0

[Event "GBR-ch"]
[Site "Scarborough"]
[Date "2001.08.03"]
[Round "5"]
[White "Ghasi, Ameet K"]
[Black "Waddington, Michael"]
[Result "1-0"]
[WhiteElo "2188"]
[BlackElo "2353"]
[PlyCount "99"]
[EventDate "2001.07.30"]

1. Nf3 f5 2. d4 Nf6 3. Bg5 c6 4. c3 e6 5. Nbd2 d5 6. e3 Bd6 7. Bd3 O-O 8. Ne5
Nbd7 9. f4 Qe8 10. Be2 c5 11. O-O Be7 12. Ndf3 Ne4 13. Bb5 Qd8 14. Bxe7 Qxe7
15. Bxd7 Bxd7 16. Nd2 cxd4 17. Nxe4 dxe4 18. cxd4 Bb5 19. Re1 Qd6 20. Rc1 Rfc8
21. Qb3 Qd5 22. Qa3 Qd8 23. Qb4 Ba6 24. Qd2 Qd6 25. Rxc8+ Rxc8 26. Rc1 Rxc1+
27. Qxc1 h6 28. Qc3 Qb6 29. h3 Kh7 30. Qc8 Qxb2 31. Qxe6 Qc1+ 32. Kh2 Qxe3 33.
Qxf5+ Kg8 34. d5 Bf1 35. d6 Qf2 36. Qf7+ Kh8 37. Qe8+ Kh7 38. Qg6+ Kg8 39. d7
Qd2 40. Nf7 Qxd7 41. Nxh6+ Kf8 42. Qh7 e3 43. Qg8+ Ke7 44. Qxg7+ Kd8 45. Nf7+
Ke8 46. Qg8+ Ke7 47. Ne5 Qd2 48. Qf7+ Kd8 49. Qxb7 e2 50. Nc6+ 1-0

[Event "GBR-ch"]
[Site "Scarborough"]
[Date "2001.08.03"]
[Round "5"]
[White "Eames, Robert"]
[Black "Player, Edmund"]
[Result "1/2-1/2"]
[WhiteElo "2333"]
[BlackElo "2115"]
[PlyCount "124"]
[EventDate "2001.07.30"]

1. e4 e6 2. d4 d5 3. Nc3 Bb4 4. e5 c5 5. a3 Bxc3+ 6. bxc3 Ne7 7. Qg4 Qc7 8.
Qxg7 Rg8 9. Qxh7 cxd4 10. Ne2 Nbc6 11. f4 Bd7 12. Qd3 dxc3 13. Rb1 Na5 14. Nxc3
a6 15. h3 Rc8 16. Bd2 Nc4 17. a4 Qc5 18. g4 Nxd2 19. Kxd2 Ng6 20. Ne2 Bxa4 21.
Rxb7 Bc6 22. Rb2 d4 23. Rh2 Bb5 24. Qb3 d3 25. cxd3 Nxf4 26. Qc3 Nxe2 27. Qxc5
Rxc5 28. Rxe2 Rg5 29. d4 Bxe2 30. Bxe2 Rd5 31. Ke3 a5 32. Bf3 Rd8 33. h4 Rg8
34. Ra2 Kf8 35. Rxa5 Kg7 36. Ra7 Rgf8 37. Be4 Rb8 38. Kf4 Rbd8 39. Ra4 Rd7 40.
Bc6 Rc7 41. d5 Rd8 42. Ke4 exd5+ 43. Bxd5 Re7 44. Ra5 Rde8 45. Ba2 Rc8 46. Kf5
Rc1 47. h5 Rf1+ 48. Kg5 Re1 49. h6+ Kh7 50. Kf6 Rc7 51. e6 fxe6 52. Bxe6 Rxe6+
53. Kxe6 Kxh6 54. Kf6 Rc6+ 55. Kf5 Rb6 56. Ra8 Rb5+ 57. Kf4 Rb4+ 58. Kg3 Rb6
59. Kh4 Kg6 60. Rg8+ Kh7 61. Rg5 Kh6 62. Re5 Kg6 1/2-1/2

[Event "GBR-ch"]
[Site "Scarborough"]
[Date "2001.08.03"]
[Round "5"]
[White "Buckley, Simon"]
[Black "Oswald, Graeme"]
[Result "1-0"]
[WhiteElo "2268"]
[BlackElo "2195"]
[PlyCount "95"]
[EventDate "2001.07.30"]

1. e4 c5 2. Nf3 d6 3. d4 cxd4 4. Nxd4 Nf6 5. Nc3 a6 6. Bc4 e6 7. Bb3 b5 8. Bg5
Bb7 9. Qe2 Nbd7 10. O-O-O Rc8 11. Rhe1 Rxc3 12. bxc3 Qa5 13. f3 d5 14. exd5
Qxc3 15. Kb1 Ba3 16. Bc1 Bxc1 17. Rxc1 Qxd4 18. dxe6 fxe6 19. Qxe6+ Kd8 20.
Rcd1 Qb4 21. c3 Qa3 22. Rd6 Kc7 23. Red1 Nc5 24. Qe7+ Kb8 25. Rb6 Qa5 26. Qxc5
Rc8 27. Qe5+ Ka7 28. Rbd6 Qxc3 29. Qxc3 Rxc3 30. Rc1 Re3 31. Re6 Rxe6 32. Bxe6
Kb6 33. Kb2 a5 34. a3 Nh5 35. Bf5 Nf6 36. Re1 Bd5 37. Re7 g6 38. Be6 Bc6 39.
Rf7 Ne8 40. Rxh7 Kc5 41. Rh6 b4 42. axb4+ axb4 43. Rxg6 Nc7 44. Bb3 Be8 45. Rf6
Kd4 46. Rf4+ Ke3 47. Re4+ Kf2 48. Re7 1-0

[Event "GBR-ch"]
[Site "Scarborough"]
[Date "2001.08.03"]
[Round "5"]
[White "Rudd, Jack"]
[Black "Briggs, Philip"]
[Result "0-1"]
[WhiteElo "2193"]
[BlackElo "2200"]
[PlyCount "108"]
[EventDate "2001.07.30"]

1. e4 Nc6 2. d4 d5 3. Nc3 dxe4 4. d5 Ne5 5. Bf4 Ng6 6. Bg3 f5 7. Bb5+ Bd7 8.
Qh5 a6 9. Bxd7+ Qxd7 10. Nh3 Nf6 11. Qe2 Nxd5 12. Nxd5 Qxd5 13. Rd1 Qb5 14. c4
Qb4+ 15. Kf1 e5 16. Ng5 Bd6 17. h4 O-O-O 18. Nf7 Ne7 19. Nxh8 Rxh8 20. a3 Qa4
21. c5 Bxc5 22. Bxe5 Ng6 23. Bh2 Re8 24. h5 Ne5 25. Bxe5 Rxe5 26. Rh3 e3 27.
Rc1 Qf4 28. Rc4 Qxf2+ 29. Qxf2 exf2 30. Rc1 Be3 31. Rd1 f4 32. b3 Rc5 33. g3
fxg3 34. Rxg3 Rxh5 35. Ke2 Bg5 36. Rf3 Bf6 37. Kxf2 Rh2+ 38. Kg1 Rc2 39. b4 b6
40. Rd5 Kb7 41. a4 Ra2 42. a5 b5 43. Rf4 Rc2 44. Kf1 h6 45. Re4 Kc6 46. Rd3 h5
47. Re6+ Kb7 48. Rd7 Rc6 49. Re8 h4 50. Kg2 Rc4 51. Rf7 Rxb4 52. Re6 Rc4 53.
Rb6+ Ka7 54. Kh2 Bc3 0-1

[Event "GBR-ch"]
[Site "Scarborough"]
[Date "2001.08.03"]
[Round "5"]
[White "Buckley, Melanie"]
[Black "Hunt, Adam"]
[Result "1-0"]
[WhiteElo "2118"]
[BlackElo "2408"]
[PlyCount "53"]
[EventDate "2001.07.30"]

1. e4 c5 2. Nc3 Nc6 3. g3 g6 4. Bg2 Bg7 5. d3 d6 6. Be3 Rb8 7. Qd2 b5 8. Nge2
Nd4 9. O-O e6 10. Nd1 b4 11. Nc1 Ne7 12. c3 bxc3 13. bxc3 Ndc6 14. Bh6 O-O 15.
Bxg7 Kxg7 16. Ne3 Ba6 17. f4 f5 18. exf5 gxf5 19. Re1 Qd7 20. Nb3 Ng8 21. d4
cxd4 22. cxd4 Nb4 23. d5 Nd3 24. dxe6 Qxe6 25. Qc3+ Kg6 26. Nxf5 Nxe1 27. Qg7+
1-0